3 artistes pour un même jour d'anniversaire (1) - Statistiques

Statistiques générales
  • Ce quiz a été pris 30 fois
  • Le résultat moyen est 28 sur 108
Statistiques - réponses
Hint Réponse % Correct
19 février 1938 H*rv* Hervé H
86%
10 mai 1980 Z*h* Zaho F
81%
21 juin 1985 *m*l B*nt Amel Bent F
71%
22 mai 1924 Ch*rl*s *zn*v**r Charles Aznavour H
71%
17 juin 1962 *io Lio F
71%
15 mai 1986 P*p's Pep's H
71%
18 mai 1960 **nn*ck N**h Yannick Noah H
71%
29 avril 1974 *ngg*n Anggun F
67%
14 janvier 1956 *t**nn* D*h* Etienne Daho H
67%
2 mai 1922 S*rg* R*gg**n* Serge Reggiani H
67%
1er février 1965 St*ph*n** d* M*n*c* Stéphanie de Monaco F
67%
10 juin 1986 C*m*ll* L*ll**ch* Camille Lellouche F
62%
2 mai 1982 *o*ie Lorie F
62%
12 mars 2001 *v* Eva F
57%
26 juin 1972 *a*ou Garou H
57%
21 juin 1955 J**n-P**rr* M*d*r Jean-Pierre Mader H
57%
10 mai 1995 *** N*k*m*r* Aya Nakamura F
52%
4 mars 1984 J*l**tt* *rm*n*t Juliette Armanet F
52%
24 mai 1955 R*s* Rose F
52%
10 juin 1942 **a**a* *oya Chantal Goya F
48%
24 avril 1947 Cl**d* D*b**s Claude Dubois H
48%
10 mars 1954 D*d**r B*rb*l*v**n Didier Barbelivien H
48%
15 février 1968 *l*d** Fr*g* Elodie Frégé F
48%
20 janvier 1973 *e**a*i* *io*ay Benjamin Biolay H
38%
22 mai 1992 *a*i**e *ou Camille Lou F
38%
16 juin 1979 *mm*n**l M**r* Emmanuel Moire H
38%
14 mai 1961 J**n L*l**p Jean Leloup H
38%
28 janvier 1952 J**n-L***s M*r*t Jean-Louis Murat H
38%
10 juin 1918 P*t*ch** Patachou F
38%
12 mars 1985 ***o*ae Stromae H
38%
15 mai 1980 *n**s D*lv* Anaïs Delva F
33%
1er février 1947 **au*e **a**oi* Claude François H
33%
2 mai 1991 *a**u Dadju H
33%
17 janvier 1933 *a*i*a Dalida F
33%
5 février 1952 *a*ie* *a*a*oi*e Daniel Balavoine H
33%
28 juin 1956 F*l*x Gr** Félix Gray H
33%
12 juin 1987 Fl* D*l*v*g* Flo Delavega H
33%
24 mai 1980 K*r**n *nt*nn Kareen Antonn F
33%
12 juin 1979 *m*nd*n* B**rg***s Amandine Bourgeois F
29%
10 mars 1920 *o*i* *ia* Boris Vian H
29%
14 mai 1959 *a**i** **ue* Patrick Bruel H
29%
26 février 1956 **a**e*ie *ou*u*e Charlélie Couture H
24%
26 juin 1981 D*m**n S*rg** Damien Sargue H
24%
3 juin 1950 **é*é*i* **a**oi* Frédéric François H
24%
10 mars 1890 G*st*n **vr*rd Gaston Ouvrard H
24%
22 mai 1937 *uy *a***a** Guy Marchand H
24%
3 juin 1998 I*e* E* Imen Es F
24%
26 juin 1984 I**i*a Indila F
24%
21 juin 1961 *a*u **ao Manu Chao H
24%
26 février 1947 S*nd** Sh*w Sandie Shaw F
24%
25 mars 1942 A*e**a **a***i* Aretha Franklin F
19%
16 juin 1969 *é*a*a* Bénabar H
19%
3 avril 1921 D*r** M*r*n* Dario Moreno H
19%
26 février 1971 *e*e*e *e*a*a Hélène Ségara F
19%
5 février 1981 *u*ie *e*a**i Julie Zenatti F
19%
9 janvier 1970 *a*a *a*ia* Lara Fabian F
19%
28 janvier 1990 *u*e Luce F
19%
28 janvier 1952 *i**ae* *o*e* Michael Jones H
19%
25 mars 1944 N**ll* C*rd**r Noëlle Cordier F
19%
20 février 1974 O**e*ie *i**e* Ophélie Winter F
19%
16 avril 1908 R** V*nt*r* Ray Ventura H
19%
24 avril 1949 *é*o*i*ue *a**on Véronique Sanson F
19%
29 avril 1924 *i*i *ea**ai*e Zizi Jeanmaire F
19%
28 juin 1966 Cl**r* G***t Claire Guyot F
14%
24 avril 1945 *i** *i*ers Dick Rivers H
14%
17 janvier 1983 **a**oi*e *a**y Françoise Hardy F
14%
14 mai 1974 G*n** L*n* Ginie Line F
14%
3 avril 1979 **é*oi*e Grégoire H
14%
15 février 1956 L**n*l L*r** Lionel Leroy H
14%
8 mai 1957 *a*ie *y*ia* Marie Myriam F
14%
20 janvier 1977 M*l*d* Melody F
14%
16 juin 1973 **o*a* *u**o** Thomas Dutronc H
14%
29 avril 1907 *i*o *o**i Tino Rossi H
14%
15 février 1982 a*e**e *e* Axelle Red F
10%
9 janvier 1957 *i*ie Bibie F
10%
28 juin 1968 *a*i Cali H
10%
18 mai 1913 **a**e* **e*e* Charles Trenet H
10%
12 juin 1950 G*r*rd P*l*pr*t Gérard Palaprat H
10%
18 mai 1949 J**n-P**rr* S*v*ll* Jean-Pierre Savelli H
10%
20 février 1946 *i**a** *o**ia**e Richard Cocciante H
10%
25 juin 1944 *o*e** **a**e*oi* Robert Charlebois H
10%
4 mars 1951 *o*e *au*e** Rose Laurens F
10%
4 mars 1960 **ie**y *a**o* Thierry Pastor H
10%
16 avril 1922 *o*y *a*oi**e Boby Lapointe H
5%
20 février 1943 *a**o* Carlos H
5%
15 mai 1972 *a*i* **a**e* David Charvet H
5%
10 mai 1974 *o* *y*e*o Doc Gynéco H
5%
17 juin 1952 *a*ie**e **i*eau** Fabienne Thibeault F
5%
8 mai 1903 *e**a**e* Fernandel H
5%
3 juin 1906 *o*e**i*e *a*e* Joséphine Baker F
5%
17 juin 1931 L*c** D*l*n* Lucie Dolène F
5%
3 avril 1875 *i**i**ue** Mistinguett F
5%
19 février 1934 *ie**e *a*ou* Pierre Barouh H
5%
19 février 1991 *i*a *a*ai Rika Zaraï F
5%
14 janvier 1979 *o**a*o Soprano H
5%
25 mars 1970 T*r* M**s* Teri Moïse F
5%
17 janvier 1944 **ll* Yelle F
5%
8 mai 1957 E**i**e I**e*ia* Enrique Iglesias H
0%
25 juin 1948 J*cq**s C*rd*n* Jacques Cardona H
0%
14 janvier 1988 *o**y Jordy H
0%
9 janvier 1985 *i*a Kika F
0%
20 janvier 1980 M**v* M*l*n* Maeva Méline F
0%
1er février 1939 *i*e **a** Mike Brant H
0%
25 juin 1973 N*n* R*s*nd* Nuno Resende H
0%
12 mars 1938 *a**i*ia *a**i Patricia Carli F
0%
24 mai 1978 **i*i**e *a*o**ai*e Philippe Lafontaine H
0%
5 février 1976 R*d J*n**s Rod Janois H
0%
16 avril 1957 **oa*e Sloane F
0%
Aucun quiz correspondant
Distribution des résultats
% des personnes avec chaque résultat
Percentile par nombre de réponses
Votre historique - résultats
Vous n’avez pas pris ce quiz